| 000 | 00452nam a2200145Ia 4500 | ||
|---|---|---|---|
| 008 | 170221s9999 xx 000 0 und d | ||
| 100 | _aJames B. Bexley | ||
| 245 | _aDo celebrities influence buying habits? | ||
| 245 | _cJames B. Bexley, Sam Houston State University. | ||
| 260 | _bJournal of Management and Marketing Research | ||
| 260 | _c2012 | ||
| 300 | _a32 : 15 | ||
| 650 | _xBusiness | ||
| 856 | _uhttp://www.aabri.com/manuscripts/152166.pdf | ||
| 999 |
_c311356 _d311356 |
||